Freehold valuations (Record no. 76800)
[ view plain ]
| 000 -LEADER | |
|---|---|
| fixed length control field | 00823cab a2200181 4500 |
| 001 - CONTROL NUMBER | |
| control field | ##L133100 |
| 008 - FIXED-LENGTH DATA ELEMENTS--GENERAL INFORMATION | |
| fixed length control field | 060411n2006 000 0 eng u |
| 035 ## - SYSTEM CONTROL NUMBER | |
| System control number | (Sirsi) u133100 |
| 041 0# - LANGUAGE CODE | |
| Language code of text/sound track or separate title | eng |
| 100 1# - MAIN ENTRY--PERSONAL NAME | |
| Personal name | French, Nick |
| 245 00 - TITLE STATEMENT | |
| Title | Freehold valuations |
| Remainder of title | the relationship between implicit and explicit DCF methods |
| 260 ## - PUBLICATION, DISTRIBUTION, ETC. | |
| Date of publication, distribution, etc. | 2006 |
| 490 #0 - SERIES STATEMENT | |
| Series statement | Journal of Property Investment and Finance |
| Volume/sequential designation | 24(1) 2006, 87-91(5) |
| 520 ## - SUMMARY, ETC. | |
| Summary, etc. | By calculating the annual growth with respect to a rack-rented property, elucidates the relationship between implicit and explicit discounted cash flow (DCF) methods in freehold valuations. Finds that the advantage of the DCF model is that it makes the assumptions underlying valuation explicit. |
| 590 ## - LOCAL NOTE (RLIN) | |
| Local note | IKA110406 |
| 690 ## - LOCAL SUBJECT ADDED ENTRY--TOPICAL TERM (OCLC, RLIN) | |
| Topical term or geographic name as entry element | PROPERTY-PROPERTY VALUATION AND APPRAISAL |
| 942 ## - ADDED ENTRY ELEMENTS (KOHA) | |
| Suppress in OPAC | 0 |
| Withdrawn status | Lost status | Source of classification or shelving scheme | Damaged status | Not for loan | Home library | Current library | Shelving location | Date acquired | Total Checkouts | Full call number | Barcode | Date last seen | Copy number | Price effective from | Koha item type |
|---|---|---|---|---|---|---|---|---|---|---|---|---|---|---|---|
| Dewey Decimal Classification | London | London | Journal article | 11/04/2006 | L133100 | 133100-1001 | 06/08/2019 | 1 | 06/08/2019 | Journal article |